Estatísticas para Cultura Geral

Clique aqui para jogar o quiz

Estatísticas Gerais

  • Esse quiz foi jogado 44 vezes
  • A pontuação média é 7 de 15

Estatísticas das Respostas

HintResposta% Correto
Em que mão é usada a aliança de casamento?Esquerda
97%
Que estação do ano vêm a seguir à Primavera?Verão
91%
Que nome se dá ao período de tempo transcorrido entre a promessa de casamento (matrimónio) feita entre duas pessoas e a celebração da boda?Noivado
74%
Em que país fica a sede da Dior?França
69%
Qual é o país mais próximo da nação insular de Malta?Itália
66%
Qual é o gás nobre mais leve?Hélio
60%
Quem fundou a empresa Dior?Christian Dior
54%
Que mar faz fronteira com o Egito e a Arábia Saudita?Vermelho
54%
O que significa a expressão francesa "je ne sais pas"?Eu não sei
46%
De que país era Eva Perón?Argentina
37%
Qual cidade do norte da África tem o mesmo nome de um filme famoso?Casablanca
26%
Sem incluir os continentes, qual é a maior ilha do mundo?Gronelândia
26%
O que produz a Louis Vuitton?Malas
26%
O que Karl Benz inventou?Automóvel
17%
Que área de praia de Los Angeles recebeu esse nome por causa de seus canais?Venice Beach
3%

Distribuição das Pontuações

Percentil de Números Respondidos

Porcentagem de Pessoas com Cada Pontuação

Sua Pontuação Histórica

Você não jogou esse quiz